01335nam a2200205Ia 4500952009700000999001700097008004100114020001500155050002000170100002700190245006200217260004400279300001800323500003400341505062600375519004701001650003901048650003501087942000701122 00104070a22b22d2010-04-21l0oHC133 S657 1999p11 008468r2023-07-16t1w2012-06-26yLB c72531d72531120626s1999 mx 000 0 spa d a9706401237 aHC133 S657 1999 aSolis, Leopoldoeautor aEvolución de la economía mexicana c/ Leopoldo, Solis aMéxicob: El Colegio Nacionalc, 1999 a412 páginas aIncluye: Contenido, Prólogo aLa economía prehispánica y el principio de la Colonia Economía de la Nueva España durante la Colonia La Reforma. Desamortización de los bienes eclesiásticos El Porfiriato: Política económica y evolución productiva. ¿Acaso un antecedente del desarrollo estabilizador? Calles y los cambios institucionales El Cardenismo. Administración del Presidente Lázaro Cárdenas (1934- 1940) Alemán y las condiciones de la unidad nacional Desarrollo estabilizador (1958- 1970) Evolución, extensión y fortalecimiento del Sistema Financiero Desorden fiscal e incertidumbre internacional  aMaterial Complementario/ d(11 008468)  0aMÉXICOxCONDICIONES ECONÓMICAS 0aMÉXICOxPOLITICA ECONÓMICA cLB